[Event "National Capital op"]
[Site "Ottawa CAN"]
[Date "2019.11.10"]
[Round "4"]
[White "Yang, Fan"]
[Black "Joseph Benher, Savio"]
[Result "1/2-1/2"]
[WhiteElo "2203"]
[BlackElo "1966"]
[PlyCount "62"]
[EventDate "2019.11.08"]
[EventType "swiss"]
[EventRounds "5"]
[EventCountry "CAN"]

1. e4 e6 2. d4 d5 3. Nd2 c5 4. exd5 Qxd5 5. dxc5 Qxc5 6. Ngf3 Nf6 7. Bd3 Be7 8.
O-O O-O 9. Qe2 Qc7 10. b3 Nc6 11. c4 Nd7 12. Bb2 e5 13. Rae1 f6 14. Nh4 Nc5 15.
Nf5 Nxd3 16. Nxe7+ Qxe7 17. Qxd3 Rd8 18. Qe2 Bf5 19. Ne4 Nd4 20. Bxd4 Rxd4 21.
Qf3 Bg6 22. Ng3 Bd3 23. Nf5 Bxf5 24. Qxf5 Rad8 25. Re2 Qd7 26. Qxd7 R8xd7 27.
Rfe1 Kf7 28. f3 h5 29. Kf2 g5 30. Re4 Rd2+ 31. R1e2 Rd1 1/2-1/2

[Event "National Capital op"]
[Site "Ottawa CAN"]
[Date "2019.11.10"]
[Round "4"]
[White "Zhong, Kevin"]
[Black "Donev, Danail"]
[Result "1-0"]
[WhiteElo "2229"]
[BlackElo "2082"]
[PlyCount "75"]
[EventDate "2019.11.08"]
[EventType "swiss"]
[EventRounds "5"]
[EventCountry "CAN"]

1. e4 c5 2. Ne2 d6 3. g3 g6 4. Bg2 Bg7 5. c3 e5 6. d4 Nc6 7. Be3 b6 8. O-O Nf6
9. h3 O-O 10. d5 Ne7 11. a4 Ne8 12. f3 f5 13. g4 Nf6 14. b4 h6 15. Na3 fxg4 16.
fxg4 g5 17. Ng3 Ng6 18. Nf5 Bxf5 19. gxf5 Nf4 20. bxc5 bxc5 21. Qc2 N6h5 22.
Nc4 Rf7 23. Rab1 Bf8 24. Qd1 Rg7 25. Bxf4 Nxf4 26. Ne3 h5 27. f6 Qxf6 28. Nf5
Rg6 29. Rb7 h4 30. Qg4 Qh8 31. Bf3 c4 32. Kh2 Nd3 33. Be2 Nc5 34. Rc7 Nxa4 35.
Ne7+ Bxe7 36. Rxe7 Rf8 37. Rxf8+ Kxf8 38. Qd7 1-0

[Event "National Capital op"]
[Site "Ottawa CAN"]
[Date "2019.11.10"]
[Round "5"]
[White "Dukic, Zachary"]
[Black "Zhong, Kevin"]
[Result "1/2-1/2"]
[WhiteElo "2380"]
[BlackElo "2229"]
[PlyCount "53"]
[EventDate "2019.11.08"]
[EventType "swiss"]
[EventRounds "5"]
[EventCountry "CAN"]

1. e4 c5 2. Nf3 Nc6 3. d4 cxd4 4. Nxd4 Nf6 5. Nc3 d6 6. Bg5 e6 7. Qd2 a6 8.
O-O-O h6 9. Nxc6 bxc6 10. Bf4 d5 11. Qe3 Be7 12. Be2 O-O 13. h4 Nd7 14. exd5
cxd5 15. Bxh6 gxh6 16. Qxh6 Nc5 17. Rh3 Bd6 18. b4 Qc7 19. Qg5+ Kh7 20. Qh5+
Kg7 21. Rd4 Bf4+ 22. Kd1 Ne4 23. Nxe4 dxe4 24. Rxe4 e5 25. Rg3+ Bxg3 26. Qg5+
Kh7 27. Qh5+ 1/2-1/2

[Event "National Capital op"]
[Site "Ottawa CAN"]
[Date "2019.11.10"]
[Round "5"]
[White "Kearnan, Daniel"]
[Black "Xu, Daniel"]
[Result "1-0"]
[WhiteElo "1848"]
[BlackElo "2186"]
[PlyCount "41"]
[EventDate "2019.11.08"]
[EventType "swiss"]
[EventRounds "5"]
[EventCountry "CAN"]

1. d4 Nf6 2. c4 g6 3. Nc3 Bg7 4. e4 d6 5. f4 O-O 6. Nf3 c5 7. d5 e6 8. dxe6
fxe6 9. Bd3 Nc6 10. O-O b6 11. Bc2 Bb7 12. Ng5 Qe7 13. f5 Nd4 14. fxg6 hxg6 15.
e5 dxe5 16. Bxg6 Rad8 17. Qe1 Ng4 18. Bf7+ Kh8 19. Qh4+ Nh6 20. Qh5 Ndf5 21.
Qg6 1-0

[Event "National Capital op"]
[Site "Ottawa CAN"]
[Date "2019.11.10"]
[Round "5"]
[White "Liang, Jason"]
[Black "Yang, Fan"]
[Result "1-0"]
[WhiteElo "2300"]
[BlackElo "2203"]
[PlyCount "71"]
[EventDate "2019.11.08"]
[EventType "swiss"]
[EventRounds "5"]
[EventCountry "CAN"]

1. e4 e5 2. Nf3 Nc6 3. Bb5 a6 4. Ba4 Nf6 5. d3 b5 6. Bb3 Be7 7. O-O O-O 8. Bd5
Bd6 9. Bg5 Bb7 10. d4 h6 11. Bh4 Qe7 12. Bxc6 Bxc6 13. Re1 Rfe8 14. Nbd2 Bb7
15. Bg3 Nh5 16. Bxe5 Bxe5 17. Nxe5 Nf6 18. Ng4 Nxg4 19. Qxg4 d5 20. e5 c5 21.
Nb3 cxd4 22. Nxd4 Qg5 23. Qg3 Re7 24. f4 Qxg3 25. hxg3 Bc8 26. c3 g6 27. a4
bxa4 28. Rxa4 Rb7 29. b4 Rc7 30. Rc1 Raa7 31. Ra5 Be6 32. Kf2 Kf8 33. Ke3 Ke7
34. Kd2 f6 35. exf6+ Kxf6 36. Rca1 1-0

[Event "National Capital op"]
[Site "Ottawa CAN"]
[Date "2019.11.10"]
[Round "5"]
[White "Pace, Christopher"]
[Black "Sambuev, Bator"]
[Result "0-1"]
[WhiteElo "2264"]
[BlackElo "2580"]
[PlyCount "66"]
[EventDate "2019.11.08"]
[EventType "swiss"]
[EventRounds "5"]
[EventCountry "CAN"]

1. d4 Nf6 2. c4 e6 3. Nc3 Bb4 4. e3 c5 5. Bd3 Nc6 6. Nge2 cxd4 7. exd4 d5 8.
O-O dxc4 9. Bxc4 O-O 10. Bg5 Be7 11. Qd2 b6 12. Rfd1 Na5 13. Bd3 Bb7 14. Qe3 h6
15. Bf4 Nd5 16. Qe4 g6 17. Nxd5 Bxd5 18. Qe3 Bg5 19. h4 Bxf4 20. Qxf4 Kg7 21.
Rac1 Qf6 22. Qg3 Rfc8 23. b3 Rxc1 24. Rxc1 Nc6 25. Nf4 Kf8 26. Nxd5 exd5 27.
Qc7 Nxd4 28. Qb7 Re8 29. Rc8 Rxc8 30. Qxc8+ Kg7 31. Qd7 Qe6 32. Qxa7 Qe1+ 33.
Kh2 Qxf2 0-1

[Event "National Capital op"]
[Site "Ottawa CAN"]
[Date "2019.11.10"]
[Round "5"]
[White "Sadeghi, Saeid"]
[Black "Desjardins, Michel"]
[Result "1/2-1/2"]
[WhiteElo "2137"]
[BlackElo "1946"]
[PlyCount "44"]
[EventDate "2019.11.08"]
[EventType "swiss"]
[EventRounds "5"]
[EventCountry "CAN"]

1. d4 d5 2. Nf3 Nf6 3. Bg5 Ne4 4. Bf4 e6 5. e3 Bd6 6. Bxd6 Qxd6 7. c3 O-O 8.
Bd3 b6 9. Nbd2 Bb7 10. Qc2 f5 11. Ne5 Nd7 12. Nxd7 Qxd7 13. Nf3 c5 14. Ne5 Qe7
15. g3 cxd4 16. cxd4 Qb4+ 17. Kf1 Rac8 18. Qe2 Rc7 19. Kg2 Rfc8 20. Rhf1 a5 21.
f3 Nd6 22. Rf2 a4 1/2-1/2

[Event "National Capital op"]
[Site "Ottawa CAN"]
[Date "2019.11.10"]
[Round "5"]
[White "Tanaka, Tyler"]
[Black "Gordon, David"]
[Result "1/2-1/2"]
[WhiteElo "2238"]
[BlackElo "2260"]
[PlyCount "70"]
[EventDate "2019.11.08"]
[EventType "swiss"]
[EventRounds "5"]
[EventCountry "CAN"]

1. e4 c5 2. Nf3 Nc6 3. Bb5 Nf6 4. Nc3 g6 5. h3 Nd4 6. Bd3 d6 7. Nxd4 cxd4 8.
Ne2 e5 9. c3 Bg7 10. cxd4 exd4 11. Nxd4 O-O 12. Nf3 Re8 13. O-O Nxe4 14. Re1
Bf5 15. Bb5 Qb6 16. Bxe8 Qxf2+ 17. Kh2 Qg3+ 18. Kg1 Nf2 19. Qe2 Nxh3+ 20. Kh1
Bd3 21. Qe3 Be4 22. Bd7 Bxf3 23. Re2 Qh4 24. Bxh3 Qxh3+ 25. Kg1 Bxg2 26. Rxg2
Qh4 27. Rh2 Qg4+ 28. Kh1 Bd4 29. Qe1 Qf3+ 30. Rg2 Qh3+ 31. Rh2 Qf3+ 32. Rg2 Kg7
33. d3 Qh3+ 34. Rh2 Qf3+ 35. Rg2 Qh3+ 1/2-1/2

[Event "New West Fall op"]
[Site "New Westminster CAN"]
[Date "2019.10.12"]
[Round "1.1"]
[White "Gorovets, Andrey"]
[Black "Pitre, Hanniegn"]
[Result "1-0"]
[WhiteElo "2526"]
[BlackElo "1918"]
[PlyCount "74"]
[EventDate "2019.10.12"]
[EventType "swiss"]
[EventRounds "6"]
[EventCountry "CAN"]

1. d4 Nf6 2. Bf4 d6 3. Nc3 Nh5 4. Bg5 h6 5. Bh4 g5 6. e4 Nf4 7. Bg3 Ng6 8. Qh5
Bg7 9. O-O-O Nd7 10. h4 Nf6 11. Qe2 gxh4 12. Bxh4 Bg4 13. f3 Bd7 14. Bg3 e5 15.
dxe5 dxe5 16. Qe3 Qe7 17. Nge2 h5 18. Kb1 c6 19. Nc1 Bh6 20. Qf2 b5 21. Nd3 Bf8
22. Be2 h4 23. Bh2 Nh5 24. f4 Nhxf4 25. Nxf4 exf4 26. e5 Bg7 27. Bxb5 Bxe5 28.
Rhe1 O-O 29. Bd3 Bg4 30. Rc1 Rab8 31. b3 Qb4 32. Rxe5 Nxe5 33. Qxh4 Ng6 34. Qf6
Rb7 35. Bg1 Qe7 36. Ne4 Ne5 37. Bd4 Ng6 1-0

[Event "New West Fall op"]
[Site "New Westminster CAN"]
[Date "2019.10.12"]
[Round "1.2"]
[White "Su, Ethan"]
[Black "Dixit, Arun"]
[Result "0-1"]
[WhiteElo "1902"]
[BlackElo "2166"]
[PlyCount "100"]
[EventDate "2019.10.12"]
[EventType "swiss"]
[EventRounds "6"]
[EventCountry "CAN"]

1. e4 c5 2. Nf3 g6 3. c3 Bg7 4. d4 cxd4 5. cxd4 d5 6. e5 Nc6 7. Nc3 Bg4 8. Be2
Nh6 9. h3 Bxf3 10. Bxf3 e6 11. g4 O-O 12. Be3 f6 13. exf6 Qxf6 14. Bg2 Nf7 15.
Ne2 Nd6 16. Qb3 Ne4 17. O-O Rf7 18. Qc3 Rc8 19. b3 Nd6 20. Qd2 Qd8 21. Nf4 Qd7
22. Ne2 Bf8 23. a4 b5 24. Nc3 Rb8 25. Qd1 Qb7 26. Nxd5 exd5 27. Bxd5 Kh8 28.
Bxf7 Qxf7 29. d5 Nd8 30. Qd2 Qf3 31. Bd4+ Kg8 32. Qe3 Qxd5 33. Bxa7 Rb7 34. Bd4
bxa4 35. bxa4 Nc4 36. Qc3 Bb4 37. Qd3 Ne6 38. Rfd1 Nf4 39. Qf1 Nd2 40. Rxd2
Bxd2 41. Be3 Bxe3 42. fxe3 Ne6 43. a5 Qe5 44. Re1 Qg3+ 45. Kh1 Rf7 46. Qg1
Qxh3+ 47. Qh2 Qxg4 48. a6 Qe4+ 49. Qg2 Qxg2+ 50. Kxg2 Ra7 0-1

[Event "New West Fall op"]
[Site "New Westminster CAN"]
[Date "2019.10.12"]
[Round "1.4"]
[White "Taylor, Ashton"]
[Black "Moura, Eduardo"]
[Result "0-1"]
[WhiteElo "1826"]
[BlackElo "2066"]
[PlyCount "46"]
[EventDate "2019.10.12"]
[EventType "swiss"]
[EventRounds "6"]
[EventCountry "CAN"]

1. d4 d6 2. e4 Nf6 3. Nc3 Nbd7 4. Nf3 e5 5. dxe5 dxe5 6. Bc4 Be7 7. Bxf7+ Kxf7
8. Ng5+ Kg6 9. h4 h5 10. O-O Nf8 11. Nd5 Nxd5 12. exd5 Bxg5 13. Bxg5 Qe8 14. f4
e4 15. f5+ Bxf5 16. Rxf5 Kxf5 17. Qd2 Kg6 18. Qf4 Nh7 19. Qg3 Nxg5 20. Qxg5+
Kh7 21. Re1 Qg6 22. Qe7 Rhe8 23. Qxc7 Rac8 0-1

[Event "New West Fall op"]
[Site "New Westminster CAN"]
[Date "2019.10.12"]
[Round "1.5"]
[White "Erichsen, Dan"]
[Black "Landingin, Jofrei"]
[Result "1-0"]
[WhiteElo "2052"]
[BlackElo "1791"]
[PlyCount "85"]
[EventDate "2019.10.12"]
[EventType "swiss"]
[EventRounds "6"]
[EventCountry "CAN"]

1. e4 Nf6 2. e5 Nd5 3. c4 Nb6 4. d4 g6 5. Nc3 d6 6. exd6 cxd6 7. Be3 Bg7 8. Bd3
O-O 9. Nge2 Bg4 10. f3 Be6 11. b3 a6 12. Rc1 Bf5 13. Bxf5 gxf5 14. O-O e6 15.
Ng3 N6d7 16. Nh5 Qh4 17. Nxg7 Kxg7 18. Qd2 h6 19. Bf4 e5 20. dxe5 dxe5 21. Bg3
Qd4+ 22. Qxd4 exd4 23. Ne2 Nc6 24. Rcd1 Rfd8 25. Nxd4 Nxd4 26. Rxd4 Nf8 27.
Rfd1 Ne6 28. Rd7 b5 29. Rxd8 Rxd8 30. Rxd8 Nxd8 31. cxb5 axb5 32. a4 bxa4 33.
bxa4 Nc6 34. Bf4 h5 35. Kf2 Kf6 36. Bd2 Ke6 37. a5 Nb8 38. Ke3 Na6 39. Kd4 Kd6
40. Bf4+ Kc6 41. Ke5 Nc7 42. Kxf5 Nd5 43. Bd2 1-0

[Event "New West Fall op"]
[Site "New Westminster CAN"]
[Date "2019.10.12"]
[Round "1.6"]
[White "Yang, Jingyun (Ryan)"]
[Black "Jiang, Kate"]
[Result "1-0"]
[WhiteElo "1784"]
[BlackElo "2034"]
[PlyCount "75"]
[EventDate "2019.10.12"]
[EventType "swiss"]
[EventRounds "6"]
[EventCountry "CAN"]

1. e4 e5 2. Nf3 Nc6 3. Bc4 Nf6 4. d3 Bc5 5. Nc3 d6 6. Bg5 h6 7. Bh4 Be6 8. Bb3
a6 9. h3 Nd4 10. Nxd4 Bxd4 11. Rb1 Bxb3 12. axb3 c6 13. Qf3 g5 14. Bg3 Qe7 15.
Ne2 Bb6 16. Bh2 h5 17. Ng3 g4 18. Qe2 O-O-O 19. Nf5 Qd7 20. Bg3 Rdg8 21. Bh4
Bd8 22. Bxf6 Bxf6 23. h4 d5 24. Rd1 Rd8 25. O-O Qc7 26. g3 Be7 27. c4 dxe4 28.
dxe4 Bc5 29. Kg2 Bd4 30. f3 gxf3+ 31. Rxf3 Bc5 32. Rfd3 Qb6 33. Rxd8+ Rxd8 34.
Rxd8+ Qxd8 35. Qxh5 Qd2+ 36. Kh3 Qd7 37. Qh8+ Qd8 38. Qxe5 {Time.} 1-0

[Event "New West Fall op"]
[Site "New Westminster CAN"]
[Date "2019.10.12"]
[Round "1.7"]
[White "Huang, Ryan"]
[Black "Escandor, Manuel Omana"]
[Result "1/2-1/2"]
[WhiteElo "2002"]
[BlackElo "1763"]
[PlyCount "114"]
[EventDate "2019.10.12"]
[EventType "swiss"]
[EventRounds "6"]
[EventCountry "CAN"]

1. d4 e6 2. c4 d5 3. Nc3 g6 4. Nf3 Bg7 5. cxd5 exd5 6. Bf4 c6 7. e3 Ne7 8. Be2
O-O 9. O-O Nd7 10. h3 Re8 11. Rc1 Nf6 12. Nd2 Nf5 13. b4 a6 14. a4 Nd6 15. Nb3
Nfe4 16. Nb1 Qe7 17. N1d2 Bf5 18. Nc5 Rad8 19. Ndb3 Bc8 20. Qc2 Ng5 21. Nd3 Bf5
22. Rfe1 Ne6 23. Bh2 Qg5 24. Kh1 Ne4 25. Qb2 h5 26. Bf1 Qh4 27. Nbc5 N4xc5 28.
bxc5 Ng5 29. Bg3 Qe4 30. h4 Nh7 31. Qxb7 g5 32. f3 Qe6 33. hxg5 Nxg5 34. Nf4
Qh6 35. Bh4 Bc8 36. Qb2 Rd7 37. Qf2 Bf6 38. Re2 Rb7 39. Qg3 Kh8 40. Qh2 Rb3 41.
Bf2 Bf5 42. Qxh5 Qxh5+ 43. Nxh5 Bd8 44. Ree1 Rb2 45. Re2 Rb4 46. Ra2 a5 47. Ng3
Bg6 48. Ra3 Kg7 49. Kg1 Rb2 50. Rcc3 Bc7 51. Rcb3 Rb8 52. Rxb8 Rxb8 53. Bd3
Bxd3 54. Rxd3 Rb1+ 55. Kh2 Rb2 56. Kg1 Rb1+ 57. Nf1 Ra1 1/2-1/2

[Event "New West Fall op"]
[Site "New Westminster CAN"]
[Date "2019.10.12"]
[Round "1.8"]
[White "He, Matthew"]
[Black "Taylor, Tristan"]
[Result "1/2-1/2"]
[WhiteElo "1731"]
[BlackElo "1997"]
[PlyCount "76"]
[EventDate "2019.10.12"]
[EventType "swiss"]
[EventRounds "6"]
[EventCountry "CAN"]

1. d4 Nf6 2. Bf4 d5 3. Nf3 e6 4. e3 Be7 5. h3 O-O 6. Be2 b6 7. O-O Bb7 8. Nbd2
Nbd7 9. c3 c5 10. a4 a6 11. Qc2 Rc8 12. Rfb1 Re8 13. Qd3 Ne4 14. Ne5 Nxe5 15.
Bxe5 f6 16. Bh2 Nxd2 17. Qxd2 Bd6 18. Bxd6 Qxd6 19. b4 cxd4 20. cxd4 Re7 21.
Bd3 Rec7 22. Rc1 g6 23. Rab1 Rxc1+ 24. Rxc1 Rxc1+ 25. Qxc1 Kf7 26. Qc3 Ke7 27.
a5 Kd7 28. b5 axb5 29. Bxb5+ Bc6 30. Bxc6+ Qxc6 31. Qxc6+ Kxc6 32. axb6 Kxb6
33. f4 Kb5 34. g4 f5 35. g5 Kc4 36. Kf2 Kc3 37. Kg3 Kc2 38. Kg2 Kc1 1/2-1/2

[Event "New West Fall op"]
[Site "New Westminster CAN"]
[Date "2019.10.12"]
[Round "1.9"]
[White "Roback, Joe"]
[Black "Gu, Stephanie"]
[Result "1-0"]
[WhiteElo "1986"]
[BlackElo "1718"]
[PlyCount "63"]
[EventDate "2019.10.12"]
[EventType "swiss"]
[EventRounds "6"]
[EventCountry "CAN"]

1. e4 c5 2. Nf3 e6 3. d4 cxd4 4. Nxd4 a6 5. Bd3 Bc5 6. Nb3 Be7 7. Nc3 d6 8. O-O
Nf6 9. f4 Nbd7 10. Qf3 Qc7 11. Kh1 h5 12. Be3 Rb8 13. a4 b6 14. Qe2 Ra8 15. Bd4
Bb7 16. Rae1 e5 17. Be3 h4 18. Kg1 Nf8 19. fxe5 dxe5 20. Qf2 N8d7 21. Nd2 Bc5
22. Nc4 h3 23. g3 Bxe3 24. Nxe3 Nc5 25. Ned5 Nxd5 26. exd5 Nxd3 27. cxd3 f6 28.
d4 Rd8 29. dxe5 fxe5 30. Rxe5+ Kd7 31. Qf5+ Kd6 32. Ne4# 1-0

[Event "New West Fall op"]
[Site "New Westminster CAN"]
[Date "2019.10.12"]
[Round "1.10"]
[White "Wu, Nathan"]
[Black "Zheng, Victor"]
[Result "1/2-1/2"]
[WhiteElo "1691"]
[BlackElo "1979"]
[PlyCount "65"]
[EventDate "2019.10.12"]
[EventType "swiss"]
[EventRounds "6"]
[EventCountry "CAN"]

1. d4 Nf6 2. Bf4 g6 3. Nc3 d5 4. f3 c5 5. e3 Bg7 6. Qd2 a6 7. O-O-O cxd4 8.
exd4 Nc6 9. Bh6 O-O 10. h4 b5 11. g4 b4 12. Nce2 a5 13. h5 Qd6 14. Bxg7 Kxg7
15. hxg6 fxg6 16. Qh6+ Kg8 17. Nf4 Rf7 18. Nxg6 Nxg4 19. Nxe7+ Qxe7 20. fxg4
Nxd4 21. Bg2 Ra6 22. Qd2 Bxg4 23. Bxd5 Ne6 24. Bxe6 Rxe6 25. Qd8+ Qxd8 26.
Rxd8+ Kg7 27. Nh3 Rh6 28. Rg1 Rxh3 29. Rxg4+ Kh6 30. Rd6+ Kh5 31. Rgd4 Rh1+ 32.
Rd1 Rff1 33. R6d5+ 1/2-1/2

[Event "New West Fall op"]
[Site "New Westminster CAN"]
[Date "2019.10.12"]
[Round "1.11"]
[White "Yang, Brian"]
[Black "Zhang, Andy"]
[Result "1-0"]
[WhiteElo "1959"]
[BlackElo "1687"]
[PlyCount "57"]
[EventDate "2019.10.12"]
[EventType "swiss"]
[EventRounds "6"]
[EventCountry "CAN"]

1. e4 c5 2. Nf3 d6 3. d4 cxd4 4. Nxd4 Nf6 5. Nc3 a6 6. f3 e6 7. Be3 Be7 8. Qd2
Nc6 9. O-O-O Qc7 10. g4 b5 11. g5 Nh5 12. h4 Bb7 13. Nxc6 Qxc6 14. Bh3 g6 15.
Bg4 b4 16. Ne2 Rc8 17. Bxh5 gxh5 18. Nf4 a5 19. Kb1 a4 20. Rc1 Qb5 21. Nxh5 d5
22. Qd4 Rg8 23. Nf6+ Bxf6 24. gxf6 Qc4 25. Qb6 Ba6 26. Qd6 Rc7 27. Rhg1 Rxg1
28. Rxg1 Qxc2+ 29. Ka1 1-0

[Event "New West Fall op"]
[Site "New Westminster CAN"]
[Date "2019.10.12"]
[Round "2.1"]
[White "Yang, Brian"]
[Black "Gorovets, Andrey"]
[Result "0-1"]
[WhiteElo "1959"]
[BlackElo "2526"]
[PlyCount "48"]
[EventDate "2019.10.12"]
[EventType "swiss"]
[EventRounds "6"]
[EventCountry "CAN"]

1. e4 d6 2. d4 Nf6 3. Nc3 c6 4. Be3 e5 5. h3 Be7 6. Nge2 O-O 7. g4 exd4 8. Bxd4
d5 9. Bxf6 Bxf6 10. exd5 Re8 11. Bg2 Bxc3+ 12. bxc3 Qe7 13. Qd2 Nd7 14. O-O-O
Nb6 15. Kb1 Nc4 16. Qd4 Qxe2 17. Bf1 Na3+ 18. Kb2 Nb5 19. Bxe2 Nxd4 20. Rxd4
Rxe2 21. dxc6 Re8 22. c7 Be6 23. Rhd1 Rac8 24. Rd8 Kf8 0-1

[Event "New West Fall op"]
[Site "New Westminster CAN"]
[Date "2019.10.12"]
[Round "2.2"]
[White "Dixit, Arun"]
[Black "Shinn, Jungmin"]
[Result "1/2-1/2"]
[WhiteElo "2166"]
[BlackElo "1922"]
[PlyCount "48"]
[EventDate "2019.10.12"]
[EventType "swiss"]
[EventRounds "6"]
[EventCountry "CAN"]

1. e4 e6 2. b3 d5 3. Bb2 dxe4 4. Nc3 Nf6 5. Qe2 Bb4 6. O-O-O Qe7 7. Nxe4 Ba3 8.
Nxf6+ gxf6 9. Qc4 Nc6 10. Qa4 Bxb2+ 11. Kxb2 Bd7 12. Qh4 O-O-O 13. d4 f5 14.
Qf4 Rhg8 15. Nf3 Rg4 16. Qe3 Be8 17. d5 Qf6+ 18. Kb1 exd5 19. h3 Rg6 20. Qf4
Qd6 21. Qxf5+ Bd7 22. Qd3 Qc5 23. Qd2 Be6 24. Nd4 Nxd4 1/2-1/2

[Event "New West Fall op"]
[Site "New Westminster CAN"]
[Date "2019.10.12"]
[Round "2.3"]
[White "Moura, Eduardo"]
[Black "Yang, Jingyun (Ryan)"]
[Result "1-0"]
[WhiteElo "2066"]
[BlackElo "1784"]
[PlyCount "65"]
[EventDate "2019.10.12"]
[EventType "swiss"]
[EventRounds "6"]
[EventCountry "CAN"]

1. e4 e5 2. Nf3 Nc6 3. Bb5 a6 4. Ba4 Bc5 5. O-O b5 6. Bb3 Nf6 7. d3 d6 8. Nc3
Bg4 9. Be3 Nd4 10. Bxd4 Bxd4 11. a4 b4 12. Nd5 a5 13. c3 bxc3 14. bxc3 Ba7 15.
h3 Bh5 16. Ne3 Rb8 17. Rb1 Bxe3 18. fxe3 d5 19. exd5 e4 20. dxe4 Nxe4 21. Qd4
Bg6 22. Bc2 Rxb1 23. Bxb1 c5 24. Qxg7 Ke7 25. Bxe4 Bxe4 26. Qe5+ Kd7 27. Qxe4
Re8 28. Ne5+ Rxe5 29. Qxe5 Qb6 30. Rxf7+ Kc8 31. Qe8+ Qd8 32. Qc6+ Kb8 33. Qb7#
1-0

[Event "New West Fall op"]
[Site "New Westminster CAN"]
[Date "2019.10.12"]
[Round "2.4"]
[White "Petrov, Ivan"]
[Black "Erichsen, Dan"]
[Result "1/2-1/2"]
[WhiteElo "1838"]
[BlackElo "2052"]
[PlyCount "46"]
[EventDate "2019.10.12"]
[EventType "swiss"]
[EventRounds "6"]
[EventCountry "CAN"]

1. Nf3 d5 2. d4 e6 3. c4 c6 4. Qc2 Bd6 5. g3 Nf6 6. Bg2 Nbd7 7. O-O O-O 8. Nfd2
e5 9. cxd5 Nxd5 10. Nc4 Bc7 11. e4 N5b6 12. dxe5 Nxc4 13. Qxc4 Nxe5 14. Qe2 Be6
15. Na3 Qd3 16. Qxd3 Nxd3 17. b3 Be5 18. Rb1 Nxc1 19. Rfxc1 Rfd8 20. Rd1 Kf8
21. Bf3 Ke7 22. Be2 f6 23. Kg2 Bc3 1/2-1/2

[Event "New West Fall op"]
[Site "New Westminster CAN"]
[Date "2019.10.12"]
[Round "2.5"]
[White "Song, Ethan"]
[Black "Roback, Joe"]
[Result "0-1"]
[WhiteElo "1633"]
[BlackElo "1986"]
[PlyCount "100"]
[EventDate "2019.10.12"]
[EventType "swiss"]
[EventRounds "6"]
[EventCountry "CAN"]

1. e4 c5 2. Nf3 e6 3. d4 cxd4 4. Nxd4 Nc6 5. Nc3 Qc7 6. a3 Nf6 7. Be3 a6 8. f3
Be7 9. Qd2 b5 10. g4 d6 11. h4 Bb7 12. Bh3 Nd7 13. g5 Nde5 14. Kf2 Nc4 15. Qc1
O-O 16. b3 Nxe3 17. Qxe3 Nxd4 18. Qxd4 Rac8 19. Ne2 d5 20. b4 dxe4 21. fxe4
Rfd8 22. Qe3 Qxc2 23. Bg2 Qd3 24. Rhd1 Qxe3+ 25. Kxe3 Kf8 26. Nd4 Rc3+ 27. Ke2
Rdc8 28. Rd2 Ke8 29. Rd3 R3c4 30. Rad1 Bd8 31. Bh3 Bxe4 32. Re3 Bd5 33. Nf5
Rc2+ 34. Kf1 Rc1 35. Nd6+ Kd7 36. Nxc8 Rxd1+ 37. Ke2 Rc1 38. Na7 Bb6 39. Rd3
Kc7 40. Nxb5+ axb5 41. Kd2 Rc4 42. h5 Be4 43. Rc3 Bd4 44. Rxc4+ bxc4 45. g6 c3+
46. Kc1 Be3+ 47. Kd1 c2+ 48. Ke2 c1=Q 49. gxf7 Qd2+ 50. Kf1 Qf2# 0-1

[Event "New West Fall op"]
[Site "New Westminster CAN"]
[Date "2019.10.12"]
[Round "2.6"]
[White "Wu, Charles"]
[Black "Huang, Ryan"]
[Result "1-0"]
[WhiteElo "1824"]
[BlackElo "2002"]
[PlyCount "41"]
[EventDate "2019.10.12"]
[EventType "swiss"]
[EventRounds "6"]
[EventCountry "CAN"]

1. d4 Nf6 2. Bf4 e6 3. e3 c5 4. c3 Nc6 5. Nd2 d5 6. Ngf3 Be7 7. Bd3 O-O 8. Ne5
Qb6 9. Rb1 Bd7 10. g4 Qd8 11. g5 Ne8 12. Qh5 g6 13. Qh6 Ng7 14. Ndf3 Bc8 15.
Rg1 Nh5 16. Rg4 Nxe5 17. Nxe5 f6 18. gxf6 Nxf6 19. Rh4 Bd6 20. Nxg6 hxg6 21.
Bxg6 1-0

[Event "New West Fall op"]
[Site "New Westminster CAN"]
[Date "2019.10.12"]
[Round "2.7"]
[White "Taylor, Tristan"]
[Black "Wu, Nathan"]
[Result "0-1"]
[WhiteElo "1997"]
[BlackElo "1691"]
[PlyCount "107"]
[EventDate "2019.10.12"]
[EventType "swiss"]
[EventRounds "6"]
[EventCountry "CAN"]

1. e4 d5 2. exd5 Qxd5 3. Nf3 Bg4 4. Be2 Nc6 5. Nc3 Qd7 6. h3 Bxf3 7. Bxf3 e5 8.
d3 O-O-O 9. Be3 Nd4 10. O-O Bc5 11. Bxd4 Bxd4 12. a4 f5 13. Ne2 Nf6 14. c3 Bc5
15. d4 Bd6 16. dxe5 Bxe5 17. Qb3 c6 18. Rfd1 Qe7 19. Qc2 g6 20. Re1 Qc7 21. a5
a6 22. Nc1 Rhe8 23. Nb3 Bf4 24. Rxe8 Rxe8 25. Rd1 Qe5 26. Qd3 Qe1+ 27. Qf1
Qxf1+ 28. Kxf1 Bc7 29. Rd4 Re5 30. Nd2 Rxa5 31. Nc4 Ra1+ 32. Ke2 c5 33. Rd2 b5
34. Nd6+ Bxd6 35. Rxd6 Ne4 36. Bxe4 fxe4 37. Rc6+ Kb7 38. Rxc5 Ra2 39. Ke3 Rxb2
40. h4 Kb6 41. Rg5 a5 42. h5 gxh5 43. Rxh5 a4 44. Rxh7 Rc2 45. g4 Rxc3+ 46.
Kxe4 Rc6 47. g5 a3 48. Kf5 a2 49. Rh1 b4 50. g6 Rc7 51. Kf6 b3 52. g7 Rc8 53.
Kf7 b2 54. Rh8 0-1

[Event "New West Fall op"]
[Site "New Westminster CAN"]
[Date "2019.10.12"]
[Round "2.8"]
[White "Zheng, Victor"]
[Black "He, Matthew"]
[Result "0-1"]
[WhiteElo "1979"]
[BlackElo "1731"]
[PlyCount "112"]
[EventDate "2019.10.12"]
[EventType "swiss"]
[EventRounds "6"]
[EventCountry "CAN"]

1. Nf3 d5 2. g3 Bg4 3. Bg2 c6 4. O-O Nf6 5. d3 e6 6. Nbd2 Be7 7. b3 Qa5 8. Bb2
O-O 9. c4 Nbd7 10. Qc2 Ba3 11. Bc3 Bb4 12. Bxb4 Qxb4 13. a3 Qd6 14. b4 a5 15.
c5 Qc7 16. e4 Bxf3 17. Bxf3 Ne5 18. Bg2 dxe4 19. dxe4 Rad8 20. Rfd1 axb4 21.
axb4 b5 22. Nb3 Nc4 23. Nd4 Ra8 24. Qc3 Rfd8 25. Rxa8 Rxa8 26. Ra1 Rd8 27. Nc2
h6 28. Ne3 Nxe3 29. Qxe3 Qe5 30. Rb1 Qd4 31. Qe2 Qc3 32. Qe1 Qxe1+ 33. Rxe1 Rd4
34. e5 Nd5 35. Bxd5 exd5 36. e6 Kf8 37. exf7 Kxf7 38. Rb1 Ke6 39. Kg2 Ke5 40.
Kf3 Rd3+ 41. Ke2 Kd4 42. Ra1 Rb3 43. Ra6 Rxb4 44. Rxc6 Rc4 45. Rg6 b4 46. Rxg7
b3 47. Kd2 Rc2+ 48. Kd1 Rxc5 49. Rb7 Kc3 50. Kc1 d4 51. f4 d3 52. g4 d2+ 53.
Kd1 b2 54. f5 Rc4 55. f6 Rb4 56. Rxb4 Kxb4 0-1

[Event "New West Fall op"]
[Site "New Westminster CAN"]
[Date "2019.10.12"]
[Round "2.9"]
[White "Jiang, Kate"]
[Black "Su, Ethan"]
[Result "0-1"]
[WhiteElo "2034"]
[BlackElo "1902"]
[PlyCount "136"]
[EventDate "2019.10.12"]
[EventType "swiss"]
[EventRounds "6"]
[EventCountry "CAN"]

1. e4 c5 2. Nf3 e6 3. c3 Nf6 4. e5 Nd5 5. d4 cxd4 6. cxd4 Nc6 7. Nc3 d6 8. Nxd5
exd5 9. exd6 Bxd6 10. Be2 Bf5 11. O-O O-O 12. Bd3 Be4 13. Be3 Qc7 14. h3 h6 15.
Rc1 Qd7 16. a3 Bc7 17. Re1 f5 18. Bb5 Qd6 19. Bxc6 Bxf3 20. Qxf3 bxc6 21. g3 g5
22. Bd2 Qf6 23. Qc3 f4 24. g4 Bb6 25. Qxc6 Qxd4 26. Qg6+ Qg7 27. Qxg7+ Kxg7 28.
Re7+ Kf6 29. Rd7 Rac8 30. Rxc8 Rxc8 31. Rxd5 Ke6 32. Rd3 Rc2 33. b4 Ke5 34. Be1
Ke4 35. Rb3 Rc1 36. Kf1 f3 37. Rc3 Rxc3 38. Bxc3 Bd4 39. Be1 Kd3 40. b5 Kc4 41.
Bb4 Bc5 42. Ba5 Kxb5 43. Bd8 Bxa3 44. Bf6 Bf8 45. Ke1 a5 46. Kd2 Bc5 47. Ke1 a4
48. Bg7 a3 49. Kd1 Kc4 50. Kc2 Bd4 51. Bxd4 Kxd4 52. Kb3 Kd3 53. Kxa3 Ke2 54.
Kb3 Kxf2 55. Kc3 Ke2 56. Kd4 f2 57. Ke5 f1=Q 58. Ke6 Qxh3 59. Kf5 Qf3+ 60. Kg6
Qxg4 61. Kxh6 Qf5 62. Kg7 Qe6 63. Kh8 Qe7 64. Kg8 Kf3 65. Kh8 Kg4 66. Kg8 Kh5
67. Kh8 Kg6 68. Kg8 Qe8# 0-1